• 首页
  • 本馆介绍
  • 公告通知
  • 最新文献
  • 馆藏检索
  • 电子资源
  • 读者导购
  • 参考咨询
  • 我的图书馆
  • 登录
  • 详细信息显示
  • 放入我的书架
  • 预约/预借图书
  • 作者相关作品
  • 分类相关作品
  • 丛书相关作品
  • 出版社相关作品

书目信息

  • 表格格式
  • 工作单格式
  • 卡片格式
题名:
2017年第二季度中国货币政策执行报告
    
 
作者: 中国人民银行货币政策分析小组 编
分册:  
出版信息: 北京   中国金融出版社  2018.1
页数:
开本: 29cm
丛书名:
单 册:
中图分类: F822.0
科图分类:
主题词: 货币政策--研究报告--中国--2017
电子资源:
ISBN: 978-7-5049-9387-8
000 01262nam0 2200229 450
001 012001001720
005 20140921103355.0
010    @a978-7-5049-9387-8@dCNY98.00
100    @a20180118d2018 em y0chiy0110 ea
101 0  @achi
102    @aCN@b110000
105    @ay z 000yy
106    @ar
200 1  @a2017年第二季度中国货币政策执行报告@92 0 1 7 nian di er ji du zhong guo huo bi zheng ce zhi hang bao gao@f中国人民银行货币政策分析小组编
210    @a北京@c中国金融出版社@d2018.1
215    @d29cm
330    @a本书正文共分为五个部分。第一部分介绍了货币信贷包括货币总量、金融机构存贷款及其利率、社会融资规模、人民币汇率、跨境人民币收付等的概况。第二部分展示了中国人民银行在2017年第二季度进行的重要货币政策操作。第三部分介绍了金融市场运行概况及金融市场制度建设情况。第四部分分析了世界及中国的宏观经济形势。第五部分对中国宏观经济进行了展望,并介绍了下一阶段的货币政策思路。附录仍和以往一样包括四个部分,分别为货币政策大事记、主要经济体中央银行货币政策、中国主要经济和金融指标、世界主要经济体经济和金融指标。
606 0  @a货币政策@x研究报告@y中国@x2017
690    @aF822.0@v5
701  0 @a中国人民银行货币政策分析小组@9zhong guo ren min yin hang huo bi zheng ce fen xi xiao zu@4编
801  0 @aCN@b上海新华@c20180901
905    @b1044246-9@dF822.0@e89@f4
    
    2017年第二季度中国货币政策执行报告/中国人民银行货币政策分析小组编.-北京:中国金融出版社,2018.1
    29cm
    
    
    ISBN 978-7-5049-9387-8:CNY98.00
    本书正文共分为五个部分。第一部分介绍了货币信贷包括货币总量、金融机构存贷款及其利率、社会融资规模、人民币汇率、跨境人民币收付等的概况。第二部分展示了中国人民银行在2017年第二季度进行的重要货币政策操作。第三部分介绍了金融市场运行概况及金融市场制度建设情况。第四部分分析了世界及中国的宏观经济形势。第五部分对中国宏观经济进行了展望,并介绍了下一阶段的货币政策思路。附录仍和以往一样包括四个部分,分别为货币政策大事记、主要经济体中央银行货币政策、中国主要经济和金融指标、世界主要经济体经济和金融指标。
●
相关链接 在E读中查询图书 在五车中查询图书 在当当中查询图书 在豆瓣中查询图书


正题名:2017年第二季度中国货币政策执行报告     索取号:F822.0/89         预约/预借

序号 登录号 条形码 馆藏地/架位号 状态 备注
1 1044246   210442467   第一样本阅览室/ [索取号:F822.0/89] 在馆    
2 1044247   210442476   密集书库-海洋学院/ [索取号:F822.0/89] 在馆    
3 1044248   210442485   第一借阅区/ [索取号:F822.0/89] 在馆    
4 1044249   210442494   第一借阅区/ [索取号:F822.0/89] 在馆    
唐山师范学院图书馆 欢迎您!
大连网信软件有限公司© 版权所有